Największe miasta po stopieniu całego lodu na Ziemi - Statystyki

Ogólne statystyki
  • Ten quiz został rozwiązany 1 347 razy
  • Średni wynik to 19 z 50
Odpowiedzi na mapie
Odpowiedzi zakodowano w zielono-czerwonej skali na mapie do tego quizu, zgodnie z poniższymi procentami.
 
Statystyki odpowiedzi
Populacja Wysokość (n.p.m) Odpowiedź % Poprawnych
6 800 000 663 m Madryt
92%
17 400 000 152 m Moskwa
92%
24 700 000 2228 m Meksyk
86%
5 250 000 870 m Ankara
80%
8 520 000 59 m Stambuł
79%
6 150 000 130 m Mediolan
77%
9 980 000 92 m Los Angeles
76%
9 850 000 179 m Chicago
71%
11 000 000 140 m Lima
70%
10 000 000 2553 m Bogota
68%
32 400 000 215 m Delhi
68%
8 000 000 573 m Santiago
68%
8 800 000 597 m Rijad
65%
15 800 000 1168 m Teheran
64%
22 700 000 769 m Sao Paulo
63%
14 500 000 1753 m Johannesburg
59%
7 650 000 91 m Toronto
56%
6 300 000 1689 m Nairobi
49%
14 500 000 277 m Kinszasa
48%
7 350 000 137 m Dallas
47%
22 170 000 22 m Kanton
44%
5 700 000 822 m Amman
42%
4 150 000 1473 m Medellin
40%
5 850 000 181 m Detroit
38%
6 000 000 308 m Atlanta
37%
6 650 000 383 m Chartum
36%
5 650 000 1548 m Guadalajara
34%
4 725 000 331 m Phoenix
30%
5 750 000 538 m Monterrey
26%
11 600 000 379 m Xi'an
24%
5 100 000 859 m Belo Horizonte
21%
4 625 000 1803 m Kabul
21%
5 000 000 487 m Kano
17%
15 200 000 500 m Chengdu
16%
10 100 000 222 m Chongqing
14%
13 200 000 921 m Bengaluru
13%
13 900 000 214 m Lahaur
13%
10 700 000 513 m Hajdarabad
11%
5 300 000 118 m Harbin
11%
6 850 000 689 m Bandung
10%
7 350 000 547 m Pune
9%
7 690 000 61 m Changsha
7%
4 175 000 442 m Jaipur
7%
6 000 000 1932 m Kunming
7%
4 275 000 3 m Ningbo
6%
8 950 000 108 m Zhengzhou
6%
4 850 000 76 m Nanning
5%
4 375 000 213 m Changchun
4%
4 625 000 1064 m Guiyang
4%
5 550 000 789 m Taiyuan
4%
Nie znaleziono quizów pasujących do podanych kryteriów
Rozkład punktacji
Procent ludzi z każdym wynikiem
Percentyl według liczby udzielonych odpowiedzi
Twoja historia wyników
Nie rozwiązałeś tego quizu